V centru pozornosti malé a střední podniky: nadnárodní standardizace jejich účetního výkaznictví finalizuje

Malé a stredné podniky z hľadiska globálnej účtovnej štandardizácie. Výstup projektu Rady IASB - Medzinárodný štandard účtovného výkazníctva (IFRS) pre malé a stredné podniky - IFRS SMEs. Koncept východisiek a ich diskusia. Konkretizácia prístupu k štandardu. Predbežný návrh štandardu. Dôsledky glob...

Descrizione completa

Salvato in:
Dettagli Bibliografici
Autore principale: Kovanicová, Dana
Natura: Capitolo di libro
Lingua:ceco
Soggetti:
Tags: Aggiungi Tag
Nessun Tag, puoi essere il primo ad aggiungerne!!

MARC

LEADER 00000naa$a2200000$$$4500
001 0057411
005 20230925090536.8
041 0 |a cze 
044 |a CZ 
245 1 0 |a V centru pozornosti malé a střední podniky: nadnárodní standardizace jejich účetního výkaznictví finalizuje  |c Dana Kovanicová 
520 |a Malé a stredné podniky z hľadiska globálnej účtovnej štandardizácie. Výstup projektu Rady IASB - Medzinárodný štandard účtovného výkazníctva (IFRS) pre malé a stredné podniky - IFRS SMEs. Koncept východisiek a ich diskusia. Konkretizácia prístupu k štandardu. Predbežný návrh štandardu. Dôsledky globálnej štandardizácie malých a stredných podnikov pre Európsku úniu. Očakávané koncepčné riešenie regulácie účtovníctva v ČR. 
610 2 0 |a podnik malý 
610 2 0 |a podnik stredný 
610 2 0 |a štandardizácia 
610 2 0 |a štandardy účtovné medzinárodné 
610 2 0 |a výkazníctvo účtovné 
610 2 0 |a Európska únia 
610 2 0 |a Česko 
610 2 0 |a IFRS 
100 1 |a Kovanicová, Dana